Từ điển từ công cụ tiếng Việt

Đã lưu trong:
书目详细资料
主要作者: Đỗ Thanh
格式: 图书
语言:Undetermined
出版: Hà Nội Giáo Dục 1998
主题:
标签: 添加标签
没有标签, 成为第一个标记此记录!
Thư viện lưu trữ: Trung tâm Học liệu Trường Đại học Cần Thơ
LEADER 00592nam a2200193Ia 4500
001 CTU_28083
008 210402s9999 xx 000 0 und d
020 |b 15.000đ 
082 |a 495.22503 
082 |b Th107 
100 |a Đỗ Thanh 
245 0 |a Từ điển từ công cụ tiếng Việt 
245 0 |c Đỗ Thanh 
260 |a Hà Nội 
260 |b Giáo Dục 
260 |c 1998 
650 |a expression,nonverbal communication,vietnamese language - grammar - dictionaries 
904 |i Minh, 990115 
980 |a Trung tâm Học liệu Trường Đại học Cần Thơ